Complexes dualisants

সংরক্ষণ করুন:
গ্রন্থ-পঞ্জীর বিবরন
প্রধান লেখক: Grothendieck, A (Author), Illusie, Luc (Author)
বিন্যাস: গ্রন্থ
ভাষা:ফরাসি
প্রকাশিত: Valparaíso Universidad Católica de Valparaíso 1970
বিষয়গুলি:
ট্যাগগুলো: ট্যাগ যুক্ত করুন
কোনো ট্যাগ নেই, প্রথমজন হিসাবে ট্যাগ করুন!

MARC

LEADER 00000nam a2200000 a 4500
001 UCP2643
003 CL-VaPUC
008 990520e19700000CL |||||||||||||||||fre|d
082 0 4 |a 514.23  |b GRO  |2 21 
100 |a Grothendieck, A  |e author  |9 430653 
700 |a Illusie, Luc  |e author  |9 429541 
245 1 0 |a Complexes dualisants 
246 1 0 |a Formules de Kunneth pour la cohomologie a supports quelconques 
300 |a 129 p 
942 |c BK 
945 |d 19990520 00:00:00  |a crobeson 
260 |a Valparaíso  |b Universidad Católica de Valparaíso  |c 1970 
650 0 |a Matemática  |9 260235 
650 7 |a HOMOLOGIA  |2 CL-VaPUC  |9 375561 
650 7 |a COHOMOLOGIA  |2 CL-VaPUC  |9 423575 
650 0 |a Topología algebraica   |9 269858 
583 |a last modification  |c 19990520 00:00:00  |k Rodrigo Vera 
999 |c 281153  |d 281151 
952 |0 0  |1 0  |4 0  |6 514_230000000000000_GRO_1970  |7 0  |8 A  |9 321821  |a BIBMAT  |b BIBMAT  |d 2019-11-20  |i 1346474  |o 514.23 GRO 1970  |p 1346474  |r 2025-01-07  |w 2019-11-20  |y BK  |k MAT